| 000 | 01291cam a2200265 4500 | ||
|---|---|---|---|
| 008 | #DATE n2001 000 0 eng u | ||
| 020 | _a0333793064 | ||
| 035 | _a(Sirsi) u117474 | ||
| 041 | _aeng | ||
| 050 | _a690.026 | ||
| 100 | _aJames, M.F. | ||
| 245 | _aConstruction law | ||
| 250 | _a2nd ed. | ||
| 260 |
_aBasingstoke _bPalgrave Macmillian _c2001 |
||
| 300 |
_axxvii,316p. _c23cm. |
||
| 350 | _a21.99 | ||
| 520 | _aExplores the general principles that govern civil liability for the design and construction of building works. It addresses three key questions which arise in the event of the design or construction proving defective: Who can be sued? Who can sue? What remedies are available to the injured party? Takes into account recent House of Lords decisions on construction liability, and includes a chapter on the liability of surveyors for valuation and survey. The book is aimed at degree and professional students in building, surveying or construction management, and at law degree students specialising in construction law. | ||
| 650 | _aBUILDING INDUSTRY | ||
| 650 | _aCONSTRUCTION LAW | ||
| 650 | _aEUROPEAN LAW | ||
| 650 | _aBUILT ENVIRONMENT-BUILDING CONTRACT FORMS | ||
| 650 | _aLIABILITY | ||
| 690 | _aBUILDING AND CONSTRUCTION-LAW | ||
| 942 | _n0 | ||
| 999 |
_c101992 _d101992 |
||